Study programmes in Slovak higher education: Odbory štúdia na vysokých školách v SR /

Saved in:
Bibliographic Details
Other Authors: Putala, Alojz (Editor)
Format: Book
Language:English
Slovak
Published: Bratislava: Institute of Information and Prognoses of Education, Youth and Sports, 1994
Tags: Add Tag
No Tags, Be the first to tag this record!

MARC

LEADER 00000nam a22000003a 4500
001 0023612
003 SK-STU
005 20170427094526.6
007 ta
008 170427s ----xo-----e------000-0-----d
020 |a 80-7098-023-0 
040 |a STU  |b slo 
041 0 |a eng  |h slo 
044 |a xo 
100 1 |a Putala, Alojz  |4 edt 
245 1 0 |a Study programmes in Slovak higher education:  |b Odbory štúdia na vysokých školách v SR /  |c ed. Alojz Putala 
260 |a Bratislava:  |b Institute of Information and Prognoses of Education, Youth and Sports,  |c 1994 
300 |a 82 s. 
996 |b 284V040494  |c V* 9348/K-2428  |l VVT  |s A  |a 24  |w 0023612_0001